| 000 | 01105nam a2200325 i 4500 | ||
|---|---|---|---|
| 003 | EG-GICUC | ||
| 005 | 20260121101408.0 | ||
| 008 | 251130s1973 ne ||||fr|||| 00| 0 eng d | ||
| 020 | _a9024715326 | ||
| 040 |
_aEG-GiCUC _beng _cEG-GiCUC _dEG-GiCUC _erda |
||
| 041 | 0 | _aeng | |
| 082 | 0 | 4 |
_221 _a343.1 _bLE . M |
| 092 | 0 | 4 | _221 |
| 099 | _aLaw1 10 343.1 LE . M 1973 | ||
| 100 | 1 |
_aLee, Orlan _eAuthor. |
|
| 245 | 1 | 0 |
_aMoral Order And The Criminal Law : _bReform Efforts In The United States And West Germany / _cBy Orlan Lee, T. A. Robertson, TH. WÜRTENBERGER. |
| 264 | 1 |
_aNetherlands : _bMARTINUS NIJHOFF,THE HAGUE, _c1973. |
|
| 300 |
_a257 pages ; _c24 cm. |
||
| 336 |
_2rda content _atext |
||
| 337 |
_2rda media _aComputer |
||
| 338 |
_2rda carrier _aOnline Resource |
||
| 504 | _aIncludes bibliographical references. | ||
| 546 | _aText in English | ||
| 650 | 1 | _aCriminal law | |
| 700 | 1 |
_aRobertson, T. A. _eAuthor. |
|
| 700 |
_aTH. WÜRTENBERGER _eeditor. |
||
| 856 | 4 | 0 | _uhttps://fll.law.cu.edu.eg/fulltext/bks/B10-00461.pdf |
| 905 |
_aHabiba Ismail _eHassnaa |
||
| 942 |
_2ddc _cBK _e21 _n0 |
||
| 999 |
_c47468 _d47468 |
||